000
00257nam a2200109Ia 4500
008
200302s9999 xx 000 0 und d
100
_a
Fred Lawson
245
_a
Restaurant Planning & Design
260
_b
Architecural Press
260
_c
1973
300
_a
180 P.,
999
_c
127
_d
127